EL SILENCIO NO EXISTE (Registro nro. 1328)
[ vista simple ]
| 000 -LEADER | |
|---|---|
| campo de control de longitud fija | 00734ngm a2200241Ia 4500 |
| 001 - NÚMERO DE CONTROL | |
| campo de control | CINE01286 |
| 003 - IDENTIFICADOR DE NÚMERO DE CONTROL | |
| campo de control | EcQuCN |
| 006 - CÓDIGOS DE INFORMACIÓN DE LONGITUD FIJA--CARACTERÍSTICAS DEL MATERIAL ADICIONAL | |
| campo de control de longitud fija | a||||gr|||| 00| mz |
| 007 - CAMPO FIJO DE DESCRIPCIÓN FÍSICA--INFORMACIÓN GENERAL | |
| campo de control de longitud fija | mc nfubzzgazauz|c201508 |
| 008 - DATOS DE LONGITUD FIJA--INFORMACIÓN GENERAL | |
| campo de control de longitud fija | 150827s ec ||||g |||| 00| mzspa d |
| 040 ## - FUENTE DE CATALOGACIÓN | |
| Centro catalogador/agencia de origen | EcQuCN |
| 084 ## - OTRO NÚMERO DE CLASIFICACIÓN | |
| Número de clasificación | DVDER368 (trailer) / DVDER846 |
| 100 1# - ENTRADA PRINCIPAL--NOMBRE DE PERSONA | |
| Nombre de persona | Coba Riofrio,Camilo |
| Término indicativo de función/relación | director |
| 245 10 - MENCIÓN DEL TÍTULO | |
| Título | EL SILENCIO NO EXISTE |
| Mención de responsabilidad, etc. | Dirigida por: Camilo Coba Riofrio; Producida por: JORGE EL MAALOUF / RIO PICTURES |
| 260 ## - PUBLICACIÓN, DISTRIBUCIÓN, ETC. | |
| Lugar de publicación, distribución, etc. | Quito |
| Nombre del editor, distribuidor, etc. | Cinemateca Nacional |
| Fecha de publicación, distribución, etc. | 2007 |
| 300 ## - DESCRIPCIÓN FÍSICA | |
| Extensión | 87 minutos |
| 380 ## - FORMA DE LA OBRA | |
| Forma de la obra | FICCION |
| 500 ## - NOTA GENERAL | |
| Nota general | DVDER846 1era. CONVOCATORIA CNCINE 2007 |
| 516 ## - NOTA DE TIPO DE ARCHIVO DE ORDENADOR O DE DATOS | |
| Nota de tipo de archivo de ordenador o de datos | DVD |
| 522 ## - NOTA DE ÁMBITO GEOGRÁFICO | |
| Nota de ámbito geográfico | ECUADOR |
| 700 1# - ENTRADA AGREGADA--NOMBRE PERSONAL | |
| Nombre de persona | Jorge el Maalouf / Rio Pictures |
| Término indicativo de función/relación | productor |
| 942 ## - ELEMENTOS DE ENTRADA SECUNDARIOS (KOHA) | |
| Fuente del sistema de clasificación o colocación | Otra/Esquema de Clasificación Genérico |
| Tipo de ítem Koha | Fílmico |
| Estatus | Estado de pérdida | Fuente del sistema de clasificación o colocación | Estado de daño | No para préstamo | Biblioteca de origen | Biblioteca actual | Fecha de adquisición | Total de préstamos | Código de barras | Visto por última vez | Copia número | Precio de reemplazo | Nota no pública | Signatura topográfica completa | Tipo de ítem Koha |
|---|---|---|---|---|---|---|---|---|---|---|---|---|---|---|---|
| Otra/Esquema de Clasificación Genérico | Biblioteca Cinemateca | Biblioteca Cinemateca | 2015-08-27 | CN-1286 | 2015-08-27 | Ej.1 | 2023-02-21 | Migración | DVDER368 (trailer) / DVDER846 | Fílmico |
